|
|
|
|
| LEADER |
00000cam a2200000 7i4500 |
| 001 |
0000200037 |
| 005 |
20151230.0 |
| 020 |
|
|
|a 9789671257470
|
| 090 |
0 |
0 |
|a 658.872
|b AZU
|
| 100 |
0 |
|
|a Azura Abdullah
|
| 245 |
1 |
0 |
|a Bekerja & berniaga :
|b panduan kejayaan untuk suri
|c Azura Abdullah
|
| 260 |
|
|
|a Seri Kembangan :
|b Jootawan ,
|c 2015
|
| 300 |
|
|
|a 145p. ;
|c 21cm.
|
| 650 |
|
0 |
|a Business enterprises
|x Computer network resources
|
| 650 |
|
0 |
|a Electric commerce
|
| 650 |
|
0 |
|a Facebook (Electronic resource)
|
| 999 |
|
|
|a 00314605
|b BUKU
|c PINJAMAN
|e PERPUSTAKAAN KOMUNITI PETALING JAYA
|
| 999 |
|
|
|a 00336520
|b BUKU
|c PINJAMAN
|e PERPUSTAKAAN KOMUNITI PETALING JAYA
|